Hegemonie und Eigeninteressen: Die Etablierung von Geheimdienstbeziehungen zwischen dem Ostblock und Kuba, 1959-1970
| Titel: | Hegemonie und Eigeninteressen: Die Etablierung von Geheimdienstbeziehungen zwischen dem Ostblock und Kuba, 1959-1970 / Douglas Selvage |
|---|---|
| Verfasser: | |
| In: |
Jahrbuch für historische Kommunismusforschung, (2023), Seite 93-114 alle Artikel anzeigen |
| Veröffentlicht: | 2023 |
| Format: | Aufsatz |
| Sprache: | Deutsch |
X
alg: 54247489 001A $03025:28-02-26 001B $03025:28-02-26 $t18:08:57.000 001D $03025:28-02-26 001U $0utf8 001X $00 002@ $0Oou 002C $aText $btxt $2rdacontent 002D $aComputermedien $bc $2rdamedia 002E $aOnline-Ressource $bcr $2rdacarrier 003@ $0542474891 009Q $uhttps://www.kommunismusgeschichte.de/jhk/jhk-2023/article/detail/hegemonie-und-eigeninteressen-die-etablierung-von-geheimdienstbeziehungen-zwischen-dem-ostblock-und-kuba-1959-1970?type=0%252527%2525252%252527%252527A%25253D0%252527%25255B0%25255D $xVolltext 010@ $ager 010E $erda 011@ $a2023 021A $aHegemonie und Eigeninteressen: Die Etablierung von Geheimdienstbeziehungen zwischen dem Ostblock und Kuba, 1959-1970 $hDouglas Selvage 028A $BVerfasser $#Selvage, Douglas Eugene $#Selvage, Douglas E. $#Selvage, Douglas Eugene $4aut $71058849689 $8Selvage, Douglas$Z1966- [Tp3] $9347992307 031A $h93-114 $j2023 039B $aEnthalten in $8--Obvc--. Jahrbuch für historische Kommunismusforschung. - Berlin : Metropol-Verl., 1993-. - Online-Ressource $x202300000000000907 $9125171005 044K $#Kuba $#Kuba $#Kuba $#República de Cuba $#Republik Kuba $#Respublika Kuba $#Cuba $#Republica de Cuba $#Republik Cuba $74033340-1 $8Kuba [Tg1] $9085089052 044K $RRelation $#Beziehungen $#Wechselbeziehung $#Beziehungen $74145198-3 $8Beziehung [Ts1] $9085577189 044K $RSozialistische Staaten $ROsteuropa $#Warschauer Pakt $#Warschauer Pakt- Staaten $#Sowjetblock $#Ostblockstaaten $74075730-4 $8Ostblock [Tg1] $908521437X 044K $RSpionage $#Secret service $#Services de renseignements $#Servizi segreti $#Servicio secreto $#Geheimdienst $#Geheimdienst $#Geheimer Nachrichtendienst $#Nachrichtendienst Spionage $74019737-2 $8Geheimdienst [Ts1] $9085046965 045F $a909 $eDDC23BSB 045F/01 $a909 045F/03 $f09046 045F/03 $g437 045F/03 $g47 045F/03 $g72 045R $aGeschichte 1959-1970 lok: 54247489 78 exp: 54247489 78 1 #EPN 201B/01 $028-02-26 $t18:08:33.000 201C/01 $028-02-26 201U/01 $0utf8 203@/01 $0133574617X 208@/01 $a28-02-26 $be 209A/01 $a/ $f000 $x00 209A/01 $ab*p $x01 209A/01 $aBetr. auch die Tschechoslowakei $x03 220C/01 $apgar 244Z/01 $#Tschechoslowakei $#Tschechoslowakei $#Tschechoslowakei $#Tschechische und Slowakische Föderative Republik $#République Tchéco-Slovaque $#Tchécoslovaquie $#Československá Federativní Republika $#Česká a Slovenská Federativní Republika $#Czech and Slovak Federal Republic $#ČSFR $#ČSSR $#ČSR $#RČS $#Československo $#Československá Socialistická Republika $#Československá Republika $#Tschechoslowakische Sozialistische Republik $#Tschechoslowakische Republik $#Tschechoslowakische Föderative Republik $#Republika Československá $#Czechoslovakia $#Čechoslovakische Republik $#République Tchécho-Slovaque $#Tchéchoslovaquie $#Czechoslovak Socialist Republic $#Checoeslovaquia $#Cecoslovacchia $#Čechoslovakija $#République tchécoslovaque $74078435-6 $8--Tg1--Tschechoslowakei $x04 $9085222305 247C/01 $82080>Marburg/Lahn, Herder-Institut, Forschungsbibliothek, Bibliographieportal $9336309341
| LEADER | 00000naa a2200000 c 4500 | ||
|---|---|---|---|
| 001 | 542474891 | ||
| 003 | DE-603 | ||
| 005 | 20260228180857.0 | ||
| 007 | cr|||||||||||| | ||
| 008 | 260228s2023 xx |||| o| u00||u|ger c | ||
| 035 | |a (DE-599)HEB542474891 | ||
| 040 | |a DE-603 |b ger |c DE-603 |d DE-603 |e rda | ||
| 041 | |a ger | ||
| 082 | 0 | 4 | |8 1\u |a 909 |q DE-101 |2 23/BSB |
| 085 | |8 1\u |b 909 | ||
| 085 | |8 1\u |z 1 |s 09046 | ||
| 085 | |8 1\u |z 2 |s 437 | ||
| 085 | |8 1\u |z 2 |s 47 | ||
| 085 | |8 1\u |z 2 |s 72 | ||
| 100 | 1 | |a Selvage, Douglas |d 1966- |e Verfasser |4 aut |0 (DE-603)347992307 |0 (DE-588)1058849689 |2 gnd | |
| 245 | 0 | 0 | |a Hegemonie und Eigeninteressen: Die Etablierung von Geheimdienstbeziehungen zwischen dem Ostblock und Kuba, 1959-1970 |c Douglas Selvage |
| 264 | 0 | |c 2023 | |
| 336 | |a Text |b txt |2 rdacontent | ||
| 337 | |a Computermedien |b c |2 rdamedia | ||
| 338 | |a Online-Ressource |b cr |2 rdacarrier | ||
| 648 | 7 | |a Geschichte 1959-1970 |2 gnd | |
| 650 | 7 | |a Beziehung |0 (DE-588)4145198-3 |0 (DE-603)085577189 |2 gnd | |
| 650 | 7 | |a Geheimdienst |0 (DE-588)4019737-2 |0 (DE-603)085046965 |2 gnd | |
| 651 | 7 | |a Kuba |0 (DE-588)4033340-1 |0 (DE-603)085089052 |2 gnd | |
| 651 | 7 | |a Ostblock |0 (DE-588)4075730-4 |0 (DE-603)08521437X |2 gnd | |
| 773 | 0 | 8 | |i Enthalten in |t Jahrbuch für historische Kommunismusforschung |d Berlin : Metropol-Verl., 1993- |h Online-Ressource |g (2023), Seite 93-114 |w (DE-603)125171005 |w (DE-600)2169153-8 |
| 856 | |u https://www.kommunismusgeschichte.de/jhk/jhk-2023/article/detail/hegemonie-und-eigeninteressen-die-etablierung-von-geheimdienstbeziehungen-zwischen-dem-ostblock-und-kuba-1959-1970?type=0%252527%2525252%252527%252527A%25253D0%252527%25255B0%25255D | ||
| 924 | 1 | |9 2080 |a (DE-603)133574617X |b DE-2080 |c HES |d d |g / | |


